कीट-पतंगों का जीवन / (Record no. 28243)
[ view plain ]
| 000 -LEADER | |
|---|---|
| fixed length control field | 01178nam a22002537a 4500 |
| 005 - DATE AND TIME OF LATEST TRANSACTION | |
| control field | 20090713154141.0 |
| 008 - FIXED-LENGTH DATA ELEMENTS--GENERAL INFORMATION | |
| fixed length control field | 090713t xxu||||| |||| 00| 0 hin d |
| 010 ## - LCCN (DPL NO) | |
| LC control number | HIN-87283 |
| 020 ## - INTERNATIONAL STANDARD BOOK NUMBER | |
| Terms of availability | 200.00 |
| International Standard Book Number | 8190215264 |
| 035 ## - SYSTEM CONTROL NUMBER | |
| System control number | HN-59629 |
| 037 ## - SOURCE OF ACQUISITION | |
| Source of stock number/acquisition | DBAD / PUB |
| 040 ## - CATALOGING SOURCE | |
| Original cataloging agency | dpl |
| Language of cataloging | hn |
| 082 ## - DEWEY DECIMAL CLASSIFICATION NUMBER | |
| Classification number | 595.7 |
| 100 ## - MAIN ENTRY--PERSONAL NAME | |
| Personal name | चतुर्वेदी, महेश |
| 245 ## - TITLE STATEMENT | |
| Title | कीट-पतंगों का जीवन / |
| Statement of responsibility, etc | महेश चतुर्वेदी |
| 246 ## - VARYING FORM OF TITLE | |
| Title proper/short title | Kiita-patangon kaa Jiivana |
| Remainder of title | by Mahesh Chaturvedi |
| 260 ## - PUBLICATION, DISTRIBUTION, ETC. (IMPRINT) | |
| Place of publication, distribution, etc | दिल्ली |
| Name of publisher, distributor, etc | प्रवीण पुस्तक भण्डार |
| Date of publication, distribution, etc | 2009 |
| 270 ## - ADDRESS | |
| Address | हाउस नं. 568, डॉ,. मुख्रजी नगर |
| City | दिल्ली |
| Postal code | 110009 |
| 300 ## - PHYSICAL DESCRIPTION | |
| Extent | 160पृ. |
| Dimensions | 22सेमी (सजिल्द) |
| Other physical details | सचित्र |
| 650 ## - SUBJECT ADDED ENTRY--TOPICAL TERM | |
| Topical term or geographic name as entry element | Insects |
| 650 ## - SUBJECT ADDED ENTRY--TOPICAL TERM | |
| Topical term or geographic name as entry element | कीड़े मकोड़े |
| 942 ## - ADDED ENTRY ELEMENTS (KOHA) | |
| Source of classification or shelving scheme | Dewey Decimal Classification |
| Item type | Hindi Books |
| Call number suffix | चतुर्वे |
| Classification part | 595.7 |
| Withdrawn status | Lost status | Source of classification or shelving scheme | Damaged status | Not for loan | Home library | Current library | Date acquired | Source of acquisition | Cost, normal purchase price | Total Checkouts | Full call number | Barcode | Date last seen | Copy number | Cost, replacement price | Koha item type |
|---|---|---|---|---|---|---|---|---|---|---|---|---|---|---|---|---|
| Dewey Decimal Classification | Not For Loan | D.B.Act.Division | D.B.Act.Division | 13/07/2009 | DBAD / PUB | 200.00 | 595.7 चतुर्वे | HN-59629 | 13/07/2009 | 1 | 200.00 | Hindi Books |
